[Event "IV Festival Magistrale"]
[Site "Lucca ITA"]
[Date "1992.11.??"]
[Round "?"]
[White "Pastorini, Mario"]
[Black "Jurkovic, Ante"]
[WhiteElo "2250"]
[BlackElo "2300"]
[Result "0-1"]
[PlyCount "34"]
[EventDate "1992.11.07"]

1. c4 g6 2. Nc3 Bg7 3. g3 Nf6 4. Bg2 O-O 5. Nf3 d6 6. O-O c6 7. d4 Qa5 8. h3
Be6 9. Nd2 Qa6 10. b3 d5 11. c5 Nfd7 12. Ndb1 Bf5 13. b4 Qc4 14. e3 e5 15. dxe5
Bxe5 16. Bd2 a5 17. Re1 axb4 0-1

[Event "IV Festival Magistrale"]
[Site "Lucca ITA"]
[Date "1992.11.??"]
[Round "?"]
[White "Pieri, Filippo"]
[Black "Bartolini, Tommaso"]
[WhiteElo "2235"]
[BlackElo "1902"]
[Result "1-0"]
[PlyCount "53"]
[EventDate "1992.11.07"]

1. e4 c5 2. Nf3 d6 3. c3 Nf6 4. Bd3 Nc6 5. h3 e5 6. O-O Be7 7. Bc2 O-O 8. d3 b5
9. Re1 Be6 10. Nbd2 b4 11. Nf1 bxc3 12. bxc3 Rb8 13. Ng5 Bd7 14. Ng3 h6 15. Nf3
Qa5 16. Bd2 Qa6 17. Nh4 Nh7 18. Nhf5 Bxf5 19. Nxf5 Bg5 20. Bxg5 hxg5 21. Bb3
Na5 22. Bd5 Qb6 23. Qh5 Qd8 24. Qg6 Qf6 25. Nh6+ Kh8 26. Nxf7+ Kg8 27. Nxg5+
1-0